L'Univers et ses métamorphoses / (Record no. 115817)

MARC details
000 -LEADER
campo de control de longitud fija 00545nam a2200193 4500
001 - NÚMERO DE CONTROL
campo de control 115817
003 - IDENTIFICADOR DE NÚMERO DE CONTROL
campo de control ES-MaACL
007 - CAMPO FIJO DE DESCRIPCIÓN FÍSICA--INFORMACIÓN GENERAL
campo de control de longitud fija t|
008 - DATOS DE LONGITUD FIJA--INFORMACIÓN GENERAL
campo de control de longitud fija 061121s1973 fr r ||||1| fre d
020 ## - NÚMERO INTERNACIONAL ESTÁNDAR DEL LIBRO
Número Internacional Estándar del Libro 2-7556-5746-0
100 1# - ENTRADA PRINCIPAL--NOMBRE DE PERSONA
Nombre de persona Omnes, Roland.
9 (RLIN) 184483
245 12 - MENCIÓN DEL TÍTULO
Título L'Univers et ses métamorphoses /
Mención de responsabilidad, etc. Roland Omnes.
260 ## - PUBLICACIÓN, DISTRIBUCIÓN, ETC.
Lugar de publicación, distribución, etc. París :
Nombre del editor, distribuidor, etc. Hermann,
Fecha de publicación, distribución, etc. D.L. 1973 (1975 reimp.
300 ## - DESCRIPCIÓN FÍSICA
Extensión 183 p. ;
Dimensiones 21 cm.
490 1# - MENCIÓN DE SERIE
Mención de serie Collection Savoir
830 0# - PUNTO DE ACCESO ADICIONAL DE SERIE-TÍTULO UNIFORME
Título uniforme Collection Savoir
9 (RLIN) 233274
852 ## - LOCALIZACIÓN
Ubicación ES-MaACL
Número de control de estantería G-12605
Sublocalización o colección R.114811
Holdings
Estatus retirado Estado de pérdida Estado de daño No para préstamo Biblioteca de origen Biblioteca actual Ubicación en estantería Fecha de adquisición Fuente de adquisición Total de préstamos Signatura topográfica completa Código de barras Visto por última vez Precio de reemplazo Tipo de ítem Koha
        Biblioteca del Ateneo de Madrid Biblioteca del Ateneo de Madrid Sala Pecera Planta 3 17/01/2008     G-12605 1120777 23/02/2023 23/02/2023 Libro impreso